Ultimate Computer Acronyms - Statistics

General Stats
  • This quiz has been taken 221 times
  • The average score is 30 of 91
Answer Stats
Acronym Definition % Correct
HD High Definition
93%
RAM Random Access Memory
92%
WWW World Wide Web
92%
CPU Central Processing Unit
87%
LED Light Emitting Diode
85%
PC Personal Computer
85%
LAN Local Area Network
80%
OS Operating System
78%
HDD Hard Disk Drive
77%
WAN Wide Area Network
74%
HTML Hyper Text Markup Language
73%
FPS Frames Per Second
71%
IP Internet Protocol
70%
ROM Read Only Memory
69%
GPU Graphics Processing Unit
67%
USB Universal Serial Bus
67%
LCD Liquid Crystal Display
66%
VR Virtual Reality
66%
AFK Away From Keyboard
64%
GB Gigabyte
64%
WOW World of Warcraft
64%
CD Compact Disc
63%
DLC Downloadable Content
63%
HDTV High Definition Television
62%
HTTP Hypertext Transfer Protocol
62%
VPN Virtual Private Network
60%
MBPS Megabytes Per Second
57%
CRT Cathode Ray Tube
55%
SSD Solid State Drive
55%
IT Information Technology
49%
ISP Internet Service Provider
49%
BIOS Basic Input Output System
47%
DNS Domain Name System
47%
DNS Domain Name System
47%
VOIP Voice Over Internet Protocol
44%
GPS Global Positioning System
41%
GNU Gnu's Not Unix
41%
DDOS Distributed Denial of Service
40%
SQL Structured Query Language
40%
HDMI High Definition Multimedia
39%
PSU Power Supply Unit
37%
P2P Peer To Peer
36%
CAD Computer Aided Design
30%
VRAM Video Random Access Memory
29%
SSH Secure Shell
26%
DOS Disk Operating System
24%
BMP Bitmap
22%
IBM International Business Machines
22%
OEM Original equipment manufacturer
17%
OEM Original Equipment Manufacturer
17%
TCP Transmission Control Protocol
17%
URL Uniform Resource Locator
17%
IM Instant Message
15%
VGA Video Graphics Array
15%
DDR Double Data Rate
13%
PCB Printed Circuit Board
13%
CMYK Cyan Magenta Yellow Black
10%
SAN Storage Area Network
10%
TTL Time To Live
10%
VPS Virtual Private Server
10%
XML Extensible Markup Language
8%
PDA Personal Digital Assistant
8%
UPS Uninterruptible Power Supply
7%
VHS Video Home System
7%
ACL Access Control List
6%
PCI Peripheral Component Interconnect
6%
WEP Wireless Encryption Protocol
6%
SATA Serial Advanced Technology Attachment
5%
JPEG Joint Photographic Experts Group
4%
DAC Digital to Analog Converter
3%
SD Secure Digital
3%
SMB Server Message Block
3%
JSP Java Server Page
2%
MAC (Adress) Media Access Control Address
2%
URI Uniform Resource Identifier
2%
CTR Click Through Rate
1%
CDMA Code Division Multiple Access
1%
CNC Computer Numerical Control
1%
XSLT Extensible Style Sheet Language Transformation
1%
IVR Interactive Voice Response
1%
OLAP Online Analytical Processing
1%
ZIF Zero Insertion Force
1%
DIOS Durable Inorganic Optical System
0%
GNU Got No Use
0%
ISO International Organization Standardization
0%
IPX Internetwork Packet Exchange
0%
MP3 MPEG 1 Audio Layer 3
0%
OASIS Organization For The Advancement Of Structured Information Standards
0%
SCSI Small Computer System Interface
0%
TWAIN Toolkit Without An Informative Name
0%
VFAT Virtual File Allocation Table
0%
No matching quizzes found
Score Distribution
Percent of People with Each Score
Percentile by Number Answered
Your Score History
You have not taken this quiz